Haadi alam peace be upon him (Record no. 582345)

000 -LEADER
fixed length control field 00506nam a22001697a 4500
003 - CONTROL NUMBER IDENTIFIER
control field CEME
005 - DATE AND TIME OF LATEST TRANSACTION
control field 20210628205802.0
008 - FIXED-LENGTH DATA ELEMENTS--GENERAL INFORMATION
fixed length control field 210316b xxu||||| |||| 00| 0 eng d
040 ## - CATALOGING SOURCE
Transcribing agency .
082 ## - DEWEY DECIMAL CLASSIFICATION NUMBER
Classification number 297.63 WAL
100 ## - MAIN ENTRY--PERSONAL NAME
Personal name Wali Razi Muhammad Wali Razi
9 (RLIN) 77026
245 ## - TITLE STATEMENT
Title Haadi alam peace be upon him
260 ## - PUBLICATION, DISTRIBUTION, ETC.
Place of publication, distribution, etc. KARACHI
Name of publisher, distributor, etc. DARA-UL-ILUM
Date of publication, distribution, etc. 1987
300 ## - PHYSICAL DESCRIPTION
Extent 416P
650 ## - SUBJECT ADDED ENTRY--TOPICAL TERM
Topical term or geographic name entry element ISLAM-BIOGRAPHY-HAADI ALAM PEACE BE UPON HIM.ISLAM-BIOGRAPHY-PROPHET MUHAMMAD PEACE BE UPON HIM
9 (RLIN) 77027
942 ## - ADDED ENTRY ELEMENTS (KOHA)
Koha item type Book
Source of classification or shelving scheme
Holdings
Withdrawn status Lost status Damaged status Not for loan Permanent Location Current Location Shelving location Date acquired Total Checkouts Full call number Barcode Date last seen Price effective from Koha item type
        College of Electrical & Mechanical Engineering (CEME) College of Electrical & Mechanical Engineering (CEME) General Stacks 06/05/2017   297.63 WAL CEME-32786 06/28/2021 06/28/2021 Book
© 2023 Central Library, National University of Sciences and Technology. All Rights Reserved.